[Event "Polanica Zdroj op 60th"]
[Site "Polanica Zdroj"]
[Date "2024.08.25"]
[Round "9"]
[White "Markowski, Damian"]
[Black "Przybylski, Jan"]
[Result "1/2-1/2"]
[WhiteElo "2059"]
[BlackElo "1949"]
[PlyCount "146"]
[EventDate "2024.08.17"]
[EventType "swiss"]
[EventRounds "9"]
[EventCountry "POL"]
[SourceTitle "CBM 221 Extra"]
[Source "ChessBase"]
[SourceDate "2024.09.30"]
[SourceVersion "1"]
[SourceVersionDate "2024.09.30"]
[SourceQuality "1"]

1. Nf3 Nf6 2. b3 g6 3. Bb2 Bg7 4. c4 0-0 5. g3 d6 6. Bg2 e5 7. d3 Nc6 8. 0-0 Bg4 9. h3 Bf5 10. e4 Bd7 11. Nc3 Qc8 12. Kh2 a6 13. a3 Rb8 14. b4 b5 15. cxb5 axb5 16. Rc1 Re8 17. Nb1 Qa6 18. Nbd2 Rbc8 19. Qc2 Nb8 20. Qb1 Be6 21. Rfe1 Nbd7 22. d4 exd4 23. Nxd4 c5 24. Nxe6 Rxe6 25. bxc5 dxc5 26. e5 Ne8 27. f4 c4 28. Ne4 Nc5 29. Nxc5 Rxc5 30. Red1 Re7 31. Bc3 Rc8 32. Bb4 Rec7 33. Rc3 Bf8 34. Bxf8 Kxf8 35. Qb4+ Kg8 36. Bf3 Qb6 37. Kg2 Qc5 38. Qxc5 Rxc5 39. Kf2 Ng7 40. Bg4 Ne6 41. Ke3 Kf8 42. Rd7 R5c7 43. Rd6 Rc6 44. Bxe6 fxe6 45. Rxc6 Rxc6 46. Kd4 Rc7 47. a4 Rd7+ 48. Kc5 Rd3 49. Kb4 bxa4 50. Kxc4 Rxc3+ 51. Kxc3 Ke7 52. Kb4 Kd7 53. Kxa4 Kc6 54. Kb4 Kd5 55. h4 h6 56. Kb5 g5 57. fxg5 hxg5 58. h5 Kxe5 59. g4 Kf6 60. Kc5 Kf7 61. Kd4 Kf6 62. Ke4 Kf7 63. Ke5 Ke7 64. h6 Kf7 65. h7 Kg7 66. Kxe6 Kxh7 67. Kf6 Kh6 68. Kf5 Kh7 69. Kxg5 Kg7 70. Kf5 Kf7 71. g5 Kg7 72. g6 Kg8 73. Kf6 Kf8 1/2-1/2

[Event "Polanica Zdroj op 60th"]
[Site "Polanica Zdroj"]
[Date "2024.08.21"]
[Round "5"]
[White "Markowski, Damian"]
[Black "Kiss, Lajos"]
[Result "0-1"]
[WhiteElo "2059"]
[BlackElo "2162"]
[PlyCount "119"]
[EventDate "2024.08.17"]
[EventType "swiss"]
[EventRounds "9"]
[EventCountry "POL"]
[SourceTitle "CBM 221 Extra"]
[Source "ChessBase"]
[SourceDate "2024.09.30"]
[SourceVersion "1"]
[SourceVersionDate "2024.09.30"]
[SourceQuality "1"]

1. Nf3 d5 2. c4 e6 3. g3 Nf6 4. Bg2 dxc4 5. Qa4+ Bd7 6. Qxc4 c5 7. 0-0 Nc6 8. b3 Rc8 9. Bb2 Be7 10. d3 b5 11. Qc2 0-0 12. Nbd2 Qb6 13. Rfc1 Nd4 14. Qd1 Rfd8 15. Nxd4 cxd4 16. Nf3 Bc5 17. a3 Qd6 18. b4 Bb6 19. Rxc8 Rxc8 20. Rc1 Re8 21. Nd2 a5 22. bxa5 Bxa5 23. Nb3 Bb6 24. Qd2 Rc8 25. Rxc8+ Bxc8 26. Qb4 Qxb4 27. axb4 e5 28. f4 exf4 29. gxf4 Be6 30. Nxd4 Ng4 31. Bf3 Ne3 32. Nc6 Nc2+ 33. Kf1 Bh3+ 34. Bg2 Ne3+ 35. Kf2 Bxg2 36. Ne7+ Kf8 37. Nc8 Bc6 38. Ke1 Ng2+ 39. Kd1 Be3 40. f5 Nf4 41. Be5 Nd5 42. Bd6+ Ke8 43. Bc5 Bxc5 44. bxc5 Ne3+ 45. Kd2 Nxf5 46. e4 Nd4 47. Nd6+ Ke7 48. Kc3 Nf3 49. d4 b4+ 50. Kd3 Nxh2 51. d5 Bd7 52. e5 Ng4 53. Kd4 b3 54. Nc4 Bb5 55. Na3 b2 56. c6 Nxe5 57. Kxe5 Bd3 58. d6+ Kd8 59. d7 Kc7 60. Kd4 0-1

[Event "Polanica Zdroj op 60th"]
[Site "Polanica Zdroj"]
[Date "2024.08.19"]
[Round "3"]
[White "Markowski, Damian"]
[Black "Bar, Klaudia"]
[Result "1-0"]
[WhiteElo "2059"]
[BlackElo "1906"]
[PlyCount "95"]
[EventDate "2024.08.17"]
[EventType "swiss"]
[EventRounds "9"]
[EventCountry "POL"]
[SourceTitle "CBM 221 Extra"]
[Source "ChessBase"]
[SourceDate "2024.09.30"]
[SourceVersion "1"]
[SourceVersionDate "2024.09.30"]
[SourceQuality "1"]

1. d4 Nf6 2. Nc3 d5 3. Bf4 a6 4. e3 e6 5. Nf3 b5 6. Ne5 Bb7 7. a4 b4 8. Nb1 c5 9. Nd2 Nbd7 10. Ndf3 Be7 11. Nxd7 Nxd7 12. Be2 0-0 13. 0-0 Rc8 14. Re1 f6 15. Bg3 Qe8 16. c3 c4 17. Qb1 Bc6 18. Nd2 Nb6 19. e4 Nxa4 20. Qc1 Qd7 21. exd5 exd5 22. Bf3 a5 23. Nxc4 dxc4 24. Bxc6 Qxc6 25. Rxe7 Rfe8 26. d5 Qb5 27. d6 Rxe7 28. dxe7 Nc5 29. Qe3 Kf7 30. Re1 Qd7 31. h4 Nd3 32. Re2 b3 33. Qe4 g6 34. e8Q+ Rxe8 35. Qxc4+ Kf8 36. Rxe8+ Kxe8 37. Qg8+ Ke7 38. Qxh7+ Ke6 39. Qg8+ Qf7 40. Qb8 Qd7 41. Qxb3+ Kf5 42. Qa2 Qb5 43. b3 Qc5 44. Qc2 Qd5 45. c4 Qd4 46. c5 Ke6 47. c6 Nb4 48. c7 1-0

[Event "Bydgoszcz op-A"]
[Site "Bydgoszcz"]
[Date "2023.06.24"]
[Round "1"]
[White "Markowski, Damian"]
[Black "Licznerski, Lukasz"]
[Result "0-1"]
[WhiteElo "2160"]
[BlackElo "2460"]
[PlyCount "74"]
[EventDate "2023.06.24"]
[EventType "swiss"]
[EventRounds "9"]
[EventCountry "POL"]
[SourceTitle "CBM 215 Extra"]
[Source "ChessBase"]
[SourceDate "2023.09.30"]
[SourceVersion "1"]
[SourceVersionDate "2023.09.30"]
[SourceQuality "1"]

1. e4 e5 2. Nf3 Nc6 3. Bc4 Nf6 4. d3 Be7 5. 0-0 0-0 6. Re1 d6 7. c3 Na5 8. Bb5 a6 9. Ba4 b5 10. Bc2 c5 11. Nbd2 Re8 12. h3 Bf8 13. d4 exd4 14. cxd4 cxd4 15. Nxd4 Bb7 16. a4 b4 17. b3 g6 18. Bb2 Bg7 19. Rc1 Qb6 20. Bb1 Nd7 21. Qg4 Bxd4 22. Bxd4 Qxd4 23. Nf3 f5 24. Qg3 Qf6 25. exf5 Nc5 26. Ng5 Naxb3 27. Qh4 h6 28. Qxh6 Qg7 29. Qh4 Nxc1 30. Rxc1 gxf5 31. Bxf5 Re5 32. g4 Rxf5 33. gxf5 Ne4 34. Rc4 Qxg5+ 35. Qxg5+ Nxg5 36. Rg4 Kf7 37. Rxg5 Rg8 0-1

[Event "Malopolska-ch"]
[Site "Krakow"]
[Date "2023.06.08"]
[Round "1"]
[White "Barwinska, Ewa"]
[Black "Markowski, Damian"]
[Result "1-0"]
[WhiteElo "1953"]
[BlackElo "2160"]
[PlyCount "71"]
[EventDate "2023.06.08"]
[EventType "swiss"]
[EventRounds "7"]
[EventCountry "POL"]
[SourceTitle "CBM 214 Extra"]
[Source "ChessBase"]
[SourceDate "2023.07.31"]
[SourceVersion "1"]
[SourceVersionDate "2023.07.31"]
[SourceQuality "1"]

1. e4 d6 2. d4 Nf6 3. Nc3 g6 4. f4 Bg7 5. Nf3 0-0 6. Be2 c5 7. dxc5 Qa5 8. 0-0 Qxc5+ 9. Kh1 Nc6 10. Qe1 Be6 11. Bd3 Rac8 12. Be3 Qh5 13. Ne2 Ng4 14. Ng3 Qh6 15. c3 Nxe3 16. Qxe3 Ne5 17. Be2 Nc4 18. Bxc4 Bxc4 19. Rfe1 e5 20. Qxa7 exf4 21. Ne2 d5 22. e5 Rfe8 23. Ned4 Re7 24. Qb6 Rce8 25. Qd6 Qh5 26. e6 Bxd4 27. exf7+ Kxf7 28. Rxe7+ Rxe7 29. cxd4 Qf5 30. Ne5+ Kf8 31. b3 Be2 32. Re1 f3 33. Nxf3 Qe6 34. Qxe6 Rxe6 35. Kg1 Ke7 36. Ng5 1-0

[Event "POL-chT 2nd League"]
[Site "Sypniewo"]
[Date "2021.09.12"]
[Round "9.5"]
[White "Markowski, Damian"]
[Black "Mazurkiewicz, Michal"]
[Result "1-0"]
[WhiteElo "2202"]
[BlackElo "2193"]
[PlyCount "110"]
[EventDate "2021.09.04"]
[EventType "team-swiss"]
[EventRounds "9"]
[EventCountry "POL"]
[SourceTitle "CBM 204 Extra"]
[Source "ChessBase"]
[SourceDate "2021.11.30"]
[SourceVersion "1"]
[SourceVersionDate "2021.11.30"]
[SourceQuality "1"]
[WhiteTeam "Warszawa YMCA"]
[BlackTeam "Zielonka Zieloni"]
[WhiteTeamCountry "POL"]
[BlackTeamCountry "POL"]

1. d4 Nf6 2. Nf3 g6 3. Nc3 d5 4. Bf4 Bg7 5. e3 0-0 6. Be2 c6 7. Ne5 Qb6 8. a3 Nfd7 9. Nd3 Re8 10. 0-0 f6 11. Bg3 e5 12. Na4 Qd8 13. Qd2 Nb6 14. Nxb6 axb6 15. Rfe1 Bf5 16. Bf1 Nd7 17. c4 dxc4 18. Nb4 Be6 19. d5 cxd5 20. Nxd5 b5 21. Rad1 Nc5 22. Qb4 Nd3 23. Bxd3 cxd3 24. e4 Ra4 25. Qxb5 Rd4 26. Rxd3 Rxd3 27. Qxd3 f5 28. f3 Qd7 29. Rd1 Rc8 30. Bf2 Kf7 31. Be3 Bf8 32. b4 b5 33. Qe2 Qb7 34. Qf2 Rd8 35. Qh4 Rd6 36. Qxh7+ Bg7 37. Bh6 Kf8 38. Qxg6 Bxh6 39. Qxh6+ Qg7 40. Qxg7+ Kxg7 41. Ne3 Ra6 42. exf5 Bb3 43. Rd7+ Kf6 44. h4 Rxa3 45. g4 e4 46. f4 Bf7 47. g5+ Kg7 48. Kf2 Ra2+ 49. Ke1 Kf8 50. g6 Bb3 51. f6 Ra8 52. Rh7 Ra1+ 53. Kd2 Ra2+ 54. Kc3 Bg8 55. Rb7 Ra7 1-0

[Event "POL-chT 2nd League"]
[Site "Sypniewo"]
[Date "2021.09.11"]
[Round "8.9"]
[White "Budnik, Mateusz"]
[Black "Markowski, Damian"]
[Result "0-1"]
[WhiteElo "2008"]
[BlackElo "2202"]
[PlyCount "76"]
[EventDate "2021.09.04"]
[EventType "team-swiss"]
[EventRounds "9"]
[EventCountry "POL"]
[SourceTitle "CBM 204 Extra"]
[Source "ChessBase"]
[SourceDate "2021.11.30"]
[SourceVersion "1"]
[SourceVersionDate "2021.11.30"]
[SourceQuality "1"]
[WhiteTeam "Warszawa Zugzwang"]
[BlackTeam "Warszawa YMCA"]
[WhiteTeamCountry "POL"]
[BlackTeamCountry "POL"]

1. Nf3 g6 2. e4 Bg7 3. d4 d6 4. c3 Nf6 5. Bd3 0-0 6. 0-0 Nc6 7. d5 Ne5 8. Nxe5 dxe5 9. c4 e6 10. Nc3 exd5 11. cxd5 Bd7 12. Qb3 Qb8 13. f3 Ne8 14. Be3 Nd6 15. Rac1 a6 16. a4 f5 17. a5 Qe8 18. Bc5 Bh6 19. Rb1 Rf7 20. Kh1 Rb8 21. Ba7 Rd8 22. Bc5 Rb8 23. Ba7 Rd8 24. Bc5 Bc8 25. Na4 Qe7 26. Bg1 Rdf8 27. Nc5 Qh4 28. Qc2 b6 29. axb6 cxb6 30. Bf2 Qe7 31. Ne6 Bxe6 32. dxe6 Qxe6 33. exf5 gxf5 34. Bxa6 Qg6 35. Qc6 Kh8 36. Bxb6 Rf6 37. Bc5 Rg8 38. Rg1 Ne4 0-1

[Event "POL-chT 2nd League"]
[Site "Jastrzebia Gora"]
[Date "2019.09.13"]
[Round "7.18"]
[White "Markowski, Damian"]
[Black "Liberadzki, Slawomir"]
[Result "1-0"]
[WhiteElo "2215"]
[BlackElo "1983"]
[PlyCount "117"]
[EventDate "2019.09.07"]
[EventType "team-swiss"]
[EventRounds "9"]
[EventCountry "POL"]
[SourceTitle "EXT 2020"]
[Source "ChessBase"]
[SourceDate "2019.10.17"]
[SourceVersion "1"]
[SourceVersionDate "2019.10.17"]
[SourceQuality "1"]
[WhiteTeam "Warszawa YMCA"]
[BlackTeam "Skoczek Trojanski"]
[WhiteTeamCountry "POL"]
[BlackTeamCountry "POL"]

1. e4 c5 2. Nc3 Nc6 3. g3 g6 4. Bg2 Bg7 5. d3 Rb8 6. Be3 d6 7. Qd2 b5 8. Nge2 Nd4 9. h3 e6 10. Nc1 Ne7 11. Nd1 b4 12. c3 bxc3 13. bxc3 Ndc6 14. Bh6 0-0 15. Bxg7 Kxg7 16. 0-0 Qa5 17. Ne3 Nd4 18. Nc4 Qc7 19. cxd4 cxd4 20. Nb3 e5 21. Rac1 Qd7 22. f4 f6 23. fxe5 dxe5 24. Nc5 Qc7 25. Qa5 Qxa5 26. Nxa5 Rb2 27. Rf2 Rxf2 28. Kxf2 f5 29. Ke2 fxe4 30. dxe4 Rf6 31. Nc4 Nc6 32. Rf1 d3+ 33. Ke3 Nb4 34. Rxf6 Kxf6 35. a3 Nc2+ 36. Kd2 Be6 37. Nxe6 Kxe6 38. Bf3 Nd4 39. Bd1 Kf6 40. Kxd3 Ne6 41. Nd2 h5 42. Kc4 a6 43. h4 g5 44. Bxh5 gxh4 45. gxh4 Nf4 46. Bf3 Ne6 47. Nb3 Nf4 48. Nc5 Ng6 49. h5 Nh4 50. Be2 a5 51. Kb5 Kg5 52. Kxa5 Kf4 53. h6 Ng6 54. Kb6 Kg5 55. h7 Kh6 56. Bg4 Kg7 57. Bf5 Ne7 58. a4 Nc8+ 59. Bxc8 1-0

[Event "Pula op 33rd"]
[Site "Pula"]
[Date "2019.06.24"]
[Round "4"]
[White "Markowski, Damian"]
[Black "Jovanovic, Zoran"]
[Result "0-1"]
[WhiteElo "2290"]
[BlackElo "2503"]
[PlyCount "38"]
[EventDate "2019.06.22"]
[EventType "swiss"]
[EventRounds "9"]
[EventCountry "CRO"]
[SourceTitle "CBM 191 Extra"]
[Source "ChessBase"]
[SourceDate "2019.09.30"]
[SourceVersion "1"]
[SourceVersionDate "2019.09.30"]
[SourceQuality "1"]

1. e4 d6 2. d4 Nf6 3. Bd3 e5 4. c3 Nc6 5. Nf3 Bg4 6. Be3 d5 7. Qb3 exd4 8. cxd4 Bb4+ 9. Nc3 dxe4 10. Ng5 Qe7 11. Bb5 0-0 12. a3 Bxc3+ 13. bxc3 a6 14. Bxc6 bxc6 15. Qb4 Qd7 16. 0-0 h6 17. Nxe4 Nxe4 18. f3 Nf6 19. fxg4 Nd5 0-1

[Event "Wroclaw Anderssen Memorial op"]
[Site "Wroclaw"]
[Date "2018.08.05"]
[Round "10"]
[White "Markowski, Damian"]
[Black "Mirzoev, Emil"]
[Result "1-0"]
[WhiteElo "2274"]
[BlackElo "2434"]
[PlyCount "75"]
[EventDate "2018.08.04"]
[EventType "swiss (rapid)"]
[EventRounds "13"]
[EventCountry "POL"]
[SourceTitle "CBM 185 Extra"]
[Source "ChessBase"]
[SourceDate "2018.07.29"]
[SourceVersion "1"]
[SourceVersionDate "2018.07.29"]
[SourceQuality "1"]

1. c4 Nf6 2. g3 g6 3. Bg2 Bg7 4. Nf3 0-0 5. 0-0 d6 6. Nc3 Nc6 7. Rb1 e5 8. d3 h6 9. b4 Be6 10. b5 Ne7 11. Nd2 d5 12. Ba3 Re8 13. Qc2 Rb8 14. Rfc1 d4 15. Na4 b6 16. Nf3 Nh7 17. e3 g5 18. exd4 exd4 19. Re1 Ng6 20. c5 Bd5 21. Bb2 Rxe1+ 22. Rxe1 g4 23. Nd2 Bxg2 24. Kxg2 Qd5+ 25. Kg1 Ng5 26. f4 Nh3+ 27. Kf1 Qh1+ 28. Ke2 Qxh2+ 29. Kd1 Qxg3 30. Ne4 Qf3+ 31. Kc1 Nhxf4 32. Rd1 Nd5 33. Qb3 Ngf4 34. Kb1 f5 35. Bc1 Kh8 36. Bxf4 Nxf4 37. cxb6 axb6 38. Ng5 1-0

[Event "Wroclaw Anderssen Memorial op"]
[Site "Wroclaw"]
[Date "2018.08.04"]
[Round "1"]
[White "Golaszewski, Marek"]
[Black "Markowski, Damian"]
[Result "0-1"]
[WhiteElo "1596"]
[BlackElo "2274"]
[PlyCount "38"]
[EventDate "2018.08.04"]
[EventType "swiss (rapid)"]
[EventRounds "13"]
[EventCountry "POL"]
[SourceTitle "CBM 185 Extra"]
[Source "ChessBase"]
[SourceDate "2018.07.29"]
[SourceVersion "1"]
[SourceVersionDate "2018.07.29"]
[SourceQuality "1"]

1. e4 d5 2. exd5 Nf6 3. d4 Nxd5 4. Nf3 g6 5. Bc4 Bg7 6. Ne5 0-0 7. Qf3 c6 8. Bxd5 cxd5 9. 0-0 Nc6 10. c3 Nxe5 11. dxe5 Bxe5 12. Rd1 Be6 13. c4 Qd7 14. Qe3 Bg7 15. cxd5 Bxd5 16. Nc3 e6 17. Nxd5 exd5 18. Qb3 d4 19. Qc4 Rac8 0-1

[Event "POL-chT 1st League"]
[Site "Ustron"]
[Date "2008.09.11"]
[Round "6"]
[White "Markowski, Damian"]
[Black "Obrusnik, Michal"]
[Result "1/2-1/2"]
[WhiteElo "2258"]
[BlackElo "2130"]
[PlyCount "117"]
[EventDate "2008.09.06"]
[EventType "team-tourn"]
[EventRounds "9"]
[EventCountry "POL"]
[SourceTitle "CBM 126 Extra"]
[Source "ChessBase"]
[SourceDate "2008.11.05"]
[SourceVersion "1"]
[SourceVersionDate "2008.11.05"]
[SourceQuality "1"]
[WhiteTeam "Koszalin Hetman Politechnika"]
[BlackTeam "Raciborz KSz Silesia U19"]
[WhiteTeamCountry "POL"]
[BlackTeamCountry "POL"]

1. Nf3 c5 2. c4 Nc6 3. g3 e5 4. d3 g6 5. Bg2 Bg7 6. Nc3 Nge7 7. a3 0-0 8. 0-0 a5 9. Ne1 d6 10. Nc2 f5 11. Bg5 h6 12. Bxe7 Nxe7 13. Rb1 Rb8 14. b4 cxb4 15. axb4 Be6 16. bxa5 Qxa5 17. Nb4 e4 18. Ncd5 Bxd5 19. Nxd5 Nxd5 20. Rb5 Nc3 21. Rxa5 Nxd1 22. Rxd1 exd3 23. Rxd3 Rfe8 24. e3 Bf8 25. Bd5+ Kg7 26. Rb3 Rec8 27. Rab5 Rc7 28. h4 Kf6 29. Kg2 g5 30. hxg5+ hxg5 31. Rb1 Be7 32. Kf3 Bf8 33. Ke2 Be7 34. Kd3 b6 35. Ke2 Rc5 36. Rxb6 Rxb6 37. Rxb6 Ra5 38. Kf1 Ra1+ 39. Kg2 Ra5 40. Rb8 Ra3 41. Rh8 Kg7 42. Re8 Kf6 43. Rg8 Ra7 44. Kf3 Ra1 45. g4 fxg4+ 46. Kxg4 Rg1+ 47. Kf3 Ra1 48. Rh8 Kg7 49. Rh2 Rg1 50. Be4 Kf6 51. Rh6+ Ke5 52. Bd5 Bf6 53. Rg6 Rh1 54. Ke2 Rh8 55. Kd3 Rh4 56. f3 Kf5 57. Rg8 Rh8 58. Be4+ Ke6 59. Rxh8 1/2-1/2